|
|
|
|
| LEADER |
00000cam a2200000 7i4500 |
| 001 |
0000000449 |
| 005 |
20000817.0 |
| 020 |
0 |
0 |
|a 9075894244
|
| 090 |
0 |
0 |
|a 575.46
|b WOO 1999
|
| 245 |
0 |
0 |
|a WOOD to survive
|c Freddy Maes, Hans Beeckman, editors
|
| 260 |
0 |
0 |
|a Tervuren, Belgique :
|b Musée royal de l'Afrique centrale ,
|c 1999
|
| 300 |
|
|
|a vi, 266 p. :
|b ill. ;
|c 30 cm.
|
| 440 |
0 |
0 |
|a Annales. Sciences économiques; vol. 25
|
| 500 |
0 |
0 |
|a "Ouvrage dédié à la mémoire de Roger Dechamps, 17 juin 1930-6 janvier 1995"
|a Includes bibliographical references and indexes
|a Text chiefly in French
|
| 600 |
0 |
0 |
|a Dechamps
|h Roger
|
| 650 |
0 |
0 |
|a Wood
|
| 650 |
0 |
0 |
|a Wood
|x Anatomy
|
| 700 |
0 |
1 |
|a Beeckman
|h Hans
|
| 700 |
0 |
1 |
|a Maes
|h Freddy
|
| 999 |
|
|
|a 0000001564
|b Monograph
|c Open Shelf
|e Default branch
|